Quizz sur la Mythologie. Niveau MOYEN - Statistiques

Statistiques générales
  • Ce quiz a été pris 473 fois
  • Le résultat moyen est 4 sur 10
Statistiques - réponses
Question Réponse % Correct
Quel personnage féminin est déesse de la chasse et des animaux sauvages ? Artémis
87%
Quel personnage féminin est souvent représenté comme la déesse de la sagesse ? Athèna
80%
Quel fleuve, dans la mythologie grecque, est le passage vers l'au-delà ? Le Styx
69%
Quel être divin égyptien est souvent associé au soleil et au roi des dieux ?
66%
Quelle ville légendaire est souvent associée à l'origine de Rome ? Troie
29%
Quelle civilisation mythique est souvent décrite comme havre de paix avant sa chute ? l'Atlantide
26%
Quel monstre, souvent mentionné dans la mythologie grecque, possède plusieurs têtes ? La Chimère
12%
Qui est la mère d'un célèbre héros grec qui a tué une créature redoutable avec une chevelure mortelle ? Danaé
9%
Comment s’appelle le groupe de déesses qui poursuivent les criminels ? Erinyes
8%
Qui a été élevé par une mère ours, selon certains récits mythologiques ? Arcas
2%
Aucun quiz correspondant
Distribution des résultats
% des personnes avec chaque résultat
Percentile par nombre de réponses
Votre historique - résultats
Vous n’avez pas pris ce quiz